Communications and networking for the PC / (Record no. 7119)

MARC details
000 -LEADER
fixed length control field 00807cam a2200217 a 4500
020 ## - INTERNATIONAL STANDARD BOOK NUMBER
ISBN 1562054058 :
050 00 - CALL NUMBER
Classification number TK5105
Item number .J67
100 1# - AUTHOR
Personal name Jordan, Larry E.,
245 10 - TITLE
Title Communications and networking for the PC /
Statement of responsibility, etc Larry Jordan, Bruce Churchill.
250 ## - EDITION
Edition statement 5th ed.
260 ## - PUBLICATION INFORMATION
Place of publication Indianapolis, Ind. :
Name of publisher New Riders Pub.,
Year of publication 1994.
300 ## - DESCRIPTION
Number of Pages xv, 753 p. :
Other physical details ill. ;
Dimensions 24 cm.
500 ## - NOTES
General note Rev. ed. of: Communications and networking for the IBM PC and compatibles / Larry Jordan and Bruce Churchill.
500 ## - NOTES
General note Includes index.
505 ## - FORMATTED CONTENTS NOTE
Table of Content pt.1. Personal computer connectivity<br/>pt.2. Data communications<br/>pt.3. Local area Networking<br/>
650 #0 - SUBJECTS
Topical Term Data transmission systems.
650 #0 - SUBJECTS
Topical Term Computer networks.
650 #0 - SUBJECTS
Topical Term IBM Personal Computer.
700 1# - OTHER AUTHORS
Personal name Churchill, Bruce,
942 ## - ADDED ENTRY ELEMENTS (KOHA)
Koha item type Books
Holdings
Withdrawn status Lost status Collection code Home library Current library Shelving location Date acquired Full call number Accession Number Koha item type
    Reference Methodist University Library Main Methodist University Library Main General Stacks 12/02/2013 TK5105 .J67 37002 Books
Copyright © 2026  MUG Library